Nationwide quarterly review of house prices (Record no. 105932)

MARC details
000 -LEADER
fixed length control field 01268cam a2200229 4500
001 - CONTROL NUMBER
control field ##L135156
008 - FIXED-LENGTH DATA ELEMENTS--GENERAL INFORMATION
fixed length control field 061002n2006 000 0 eng u
035 ## - SYSTEM CONTROL NUMBER
System control number (Sirsi) u135156
041 0# - LANGUAGE CODE
Language code of text/sound track or separate title eng
050 04 - LIBRARY OF CONGRESS CALL NUMBER
Classification number 333.33 $2 18
110 2# - MAIN ENTRY--CORPORATE NAME
Corporate name or jurisdiction name as entry element Nationwide Building Society
9 (RLIN) 1019
245 00 - TITLE STATEMENT
Title Nationwide quarterly review of house prices
Remainder of title September 2006
260 ## - PUBLICATION, DISTRIBUTION, ETC.
Place of publication, distribution, etc. London
Name of publisher, distributor, etc. Nationwide
Date of publication, distribution, etc. 2006
490 #0 - SERIES STATEMENT
Series statement Nationwide Quarterly Review of House Prices
Volume/sequential designation September 2006
520 ## - SUMMARY, ETC.
Summary, etc. House prices increased by 1.3% in September despite August's interest rate hike, bringing the annual rate of house price inflation to 8.2%, the fastest rate of growth since February 2005. The price of a typical UK house now stands at £ 169 413, almost £13 000 more than a year ago. Strong demand from landlords is helping to sustain the market and tenant demand is being supported significantly by the large influx of immigrant workers across the whole of the UK.
590 ## - LOCAL NOTE (RLIN)
Local note IKA031006
650 24 - SUBJECT ADDED ENTRY--TOPICAL TERM
Topical term or geographic name entry element NATIONWIDE QUARTERLY REVIEW OF HOUSE PRICES
651 #4 - SUBJECT ADDED ENTRY--GEOGRAPHIC NAME
Geographic name United Kingdom
Chronological subdivision
690 ## - LOCAL SUBJECT ADDED ENTRY--TOPICAL TERM (OCLC, RLIN)
Topical term or geographic name as entry element PROPERTY-RESIDENTIAL PROPERTY-RESIDENTIAL PROPERTY MARKET
856 40 - ELECTRONIC LOCATION AND ACCESS
Uniform Resource Identifier <a href="https://nationwide.co.uk/hpi/review.html">https://nationwide.co.uk/hpi/review.html</a>
Public note View the review free of charge at http://nationwide.co.uk...
942 ## - ADDED ENTRY ELEMENTS (KOHA)
Suppress in OPAC 0
Holdings
Withdrawn status Lost status Source of classification or shelving scheme Damaged status Not for loan Home library Current library Shelving location Date acquired Total Checkouts Full call number Barcode Date last seen Copy number Price effective from Koha item type
    Dewey Decimal Classification     Virtual Virtual Online 02/10/2006   ONLINE PUBLICATION 135156-2001 06/08/2019 1 06/08/2019 Book